| 000 | 00940nam a2200229 i 4500 | ||
|---|---|---|---|
| 001 | bg | ||
| 111 | 2 |
_aOgólnopolska Konferencja Komputer w Projektowaniu Architektonicznym _n(2 ; _d1994 ; _cBiałystok). |
|
| 245 | 0 | 0 |
_aProjektowanie wspomagane komputerowo - bariery i inspiracje twórcze : _bmateriały konferencyjne : II Ogólnopolska Konferencja Komputer w projektowaniu architektonicznym i dydaktyce. |
| 246 | 1 | _aOgólnopolska Konferencja Komputer w projektowaniu architektonicznym i dydaktyce | |
| 260 |
_aBiałystok : _bPB, _c1994. |
||
| 300 |
_a152 s. : _bfot., rys. ; _c23 cm. |
||
| 504 | _aBibliogr. przy ref. | ||
| 650 | 9 |
_aGrafika komputerowa _xstosowanie _xarchitektura |
|
| 650 | 9 |
_aProjektowanie _xautomatyzacja |
|
| 650 | 9 |
_aArchitektura _xzagadnienia |
|
| 655 | _aMateriały konferencyjne | ||
| 040 | _cBPK | ||
| 041 | 0 | _aplen | |
| 080 | _a681.322.06:71+72 | ||
| 942 | _cKS | ||
| 008 | s pl f |000 0 pol | ||
| 999 |
_c30290 _d30290 |
||
| 856 |
_uhttp://koha.tu.koszalin.pl/cgi-bin/koha/opac-detail.pl?biblionumber=30290 _yKatalog online BPK |
||